LEADER 01079nam0-22003731i-450- 001 990000496350403321 005 20100210103810.0 010 $a0-13-249020-X 035 $a000049635 035 $aFED01000049635 035 $a(Aleph)000049635FED01 035 $a000049635 100 $a20020821d1989----km-y0itay50------ba 101 0 $aeng 102 $aUS 105 $aa-------001yy 200 1 $aElectromagnetic fields and energy$fHermann A. Haus, James R. Melcher 210 $aNew Jersey$cPrentice-Hall$d1989 215 $aXXIII, 742 p.$cill.$d24 cm 610 0 $aElettrostatica 610 0 $aCampi elettromagnetici 676 $a537.2 700 1$aHaus,$bHermann A.$049773 701 1$aMelcher,$bJames R.$026926 801 0$aIT$bUNINA$gRICA$2UNIMARC 901 $aBK 912 $a990000496350403321 952 $a10 C I 389$b893 DEE$fDINEL 952 $a10 C I 388$b892 DEE$fDINEL 952 $a10 C I 384$b879 DEE$fDINEL 952 $a10 C I 390$b894 DEE$fDINEL 959 $aDINEL 996 $aElectromagnetic fields and energy$9333198 997 $aUNINA LEADER 01906oam 2200517M 450 001 9910716442603321 005 20200213070519.2 035 $a(CKB)5470000002521720 035 $a(OCoLC)1065803948 035 $a(OCoLC)995470000002521720 035 $a(EXLCZ)995470000002521720 100 $a20071213d1927 ua 0 101 0 $aeng 135 $aurcn||||||||| 181 $ctxt$2rdacontent 182 $cc$2rdamedia 183 $acr$2rdacarrier 200 10$aAmending the Packers and Stockyards Act, 1921. January 11 (calendar day, January 12), 1927. -- Ordered to be printed 210 1$a[Washington, D.C.] :$c[U.S. Government Printing Office],$d1927. 215 $a1 online resource (9 pages) 225 1 $aSenate report / 69th Congress, 2nd session. Senate ;$vno. 1241 225 1 $a[United States congressional serial set] ;$v[serial no. 8685] 300 $aBatch processed record: Metadata reviewed, not verified. Some fields updated by batch processes. 300 $aFDLP item number not assigned. 517 $aAmending the Packers and Stockyards Act, 1921. January 11 606 $aCompetition 606 $aFood law and legislation 606 $aLegislative amendments 606 $aLivestock$xTransportation 606 $aMeat industry and trade 608 $aLegislative materials.$2lcgft 615 0$aCompetition. 615 0$aFood law and legislation. 615 0$aLegislative amendments. 615 0$aLivestock$xTransportation. 615 0$aMeat industry and trade. 701 $aCapper$b Arthur$f1865-1951$pRepublican (KS)$01386839 801 0$bWYU 801 1$bWYU 801 2$bOCLCO 801 2$bOCLCQ 801 2$bOCLCO 906 $aBOOK 912 $a9910716442603321 996 $aAmending the Packers and Stockyards Act, 1921. January 11 (calendar day, January 12), 1927. -- Ordered to be printed$93482197 997 $aUNINA